Derecho de familia : filiación por naturaleza y por técnicas de reproducción humana asistida. Tomo II /

Guardado en:
Autor Principal: Famá, María Victoria
Formato: Desconocido
Idioma:Spanish
Publicado: Ciudad Autónoma de Buenos Aires : La Ley, 2017.
Edición:1a. ed.
Materias:
Etiquetas: Agregar Etiqueta
Sin Etiquetas, Sea el primero en etiquetar este registro!
LEADER 00561nac a22001575a 4500
001 DER.der013640
008 180615s2017####|||||||||||||||||#||spa||
005 20241218095249.0
245 1 0 |a Derecho de familia :  |b filiación por naturaleza y por técnicas de reproducción humana asistida.  |n Tomo II /  |c María Victoria Famá. 
250 |a 1a. ed. 
260 |a Ciudad Autónoma de Buenos Aires :  |b La Ley,  |c 2017. 
300 |a 709 p. 
020 |a 9789502034071 
100 1 |a Famá, María Victoria 
650 7 |a DERECHO DE FAMILIA 
859 |a DERECHO  |b BIB. DERECHO  |h 346.013  |i FAM  |p 008680